Представление документа в формате RUSMARC

ПолеНазваниеЗначение
  Тип записи a
  Библиографический уровень a
001 Контрольный номер RU/УОНБ/EK_Kray/467907104
005 Дата корректировки 20260203103256.5
100 Данные общей обработки __
a Данные общей обработки 20260203d2014####|||c0rusy0189 ca
101 Язык документа 0_
a Язык текста rus
102 Страна публикации __
a Страна публикации RU
105 Кодированные данные (монография) __
a Кодированные данные (монография) y###||||000|y
200 Заглавие и сведения об ответственности 1_
a Заглавие Я - военный строитель
e Сведения, относящиеся к заглавию повесть жизни (журнальный вариант)
f Первые сведения об ответственности Андрей Перепелятников
215 Физическое описание __
c Иллюстрации/тип воспроизводства 5 фот.
225 Серия 2_
a Серия Река воспоминаний
300 Общие примечания __
a Общие примечания 12+
461 Уровень набора _0
1 2001
a Симбирскъ
1 2101
d 2014
463 Уровень физической единицы _0
1 2000
a № 3
v С. 30-61
1 001RU/REG73/CBS_GRAD/56bfd01a41224a54a540831892948bc0
610 Ключевые слова 0_
a Ключевые слова писатели Ульяновска, ульяновские писатели, проза биографическая; воспоминания военного строителя
686 Индексы других классификаций __
a Классификационный индекс 84(2Рос=Рус)6
2 Код системы rubbk
700 Автор _1
a Фамилия Перепелятников
b Имя (инициалы) А.
g Полное личное имя Андрей
801 Источник записи _0
a Страна RU
b Организация RuCBSGrad
c Дата составления 201260203
g Правила каталогизации RCR
801 Источник записи _1
a Страна RU
b Организация RuCBSGrad
c Дата составления 20260203
g Правила каталогизации RCR
852 Данные о местонахождении __
a Наименование организации МБУК ЦБС г. Димитровграда
901 Тип документа __
t Тип документа b
w Контрольный № источника RU/REG73/CBS_GRAD/56bfd01a41224a54a540831892948bc0
909 Создатель записи __
a Создатель записи Тенигина
b Дата создания записи 20260203